Missing Word: Best Albums of the 2000s Quiz Stats

 Plays Quiz Updated Jul 20, 2017

Support Sporcle.
Go Orange.
Score 0/20 Timer 03:00
0 Plays Today
Album Word % Correct
____ to BlackBack
87.1%
________ IdiotAmerican
87.1%
The ________ Mathers LPMarshall
85%
Get Rich or Die _____Tryin
83.9%
A Rush of Blood to the ____Head
83%
White _____ CellsBlood
77.6%
All That You Can't _____ BehindLeave
76.3%
____ Away With MeCome
70.8%
The _______ DropoutCollege
68.2%
Is ____ ItThis
65.2%
Album Word % Correct
The _____ AlbumBlack
64.4%
___ AKid
49.6%
________ People Say I Am, That's What I'm Not'Whatever
43.8%
Speakerboxxx/The ____ BelowLove
40.2%
Yankee Hotel _______Foxtrot
35%
Oracular ___________Spectacular
30.7%
Oh, Inverted _______World
16.1%
Sound of _____Silver
11.5%
Under _____Construction
10.8%
____ & ReleaseAttack
10.4%

Today's Daily Dose

You're not logged in!

Compare scores with friends on all Sporcle quizzes.
OR
Log In
Forgot?

From the Vault

Disney Movie By Professions

by mariapiscitelli5

It's nice work if you can get it.
Remove Ads.
Support Sporcle.
Get the best of Sporcle when you Go Orange. This ad-free experience offers more features, more stats, and more fun while also helping to support Sporcle. Thank you for becoming a member.

Show Comments

Extras

Top Quizzes Today


Score Distribution

Your Account Isn't Verified!

In order to create a playlist on Sporcle, you need to verify the email address you used during registration. Go to your Sporcle Settings to finish the process.

Report this User

Report this user for behavior that violates our Community Guidelines.

Details: